Yokai Watch : facile - Statistiques

Statistiques générales
  • Ce quiz a été pris 45 fois
  • Le résultat moyen est 26 sur 32
Statistiques - réponses
Par images Réponse % Correct
Jibanyan
95%
Komasan
95%
Robonyan
95%
Kyubi
92%
Epinyan
89%
Feulion
89%
Granpapéti
89%
Jojojoyeux
89%
Lulugubre
89%
Noko
89%
Whisper
89%
Bandinyan
87%
Cigalopin
87%
Shogunyan
87%
Crocho
84%
Komajiro
84%
Loubarbare
84%
Gargaros
82%
Nanpart
82%
Toutouie
82%
Baku
79%
Corniot
79%
Pégaz
79%
Chaîpo
76%
Chiperpiou
76%
Flamente
76%
Kappacap
76%
Noripop
76%
Padrézo
74%
Jacquasseur
68%
Pachycoul
61%
Chauvkipeut
53%
Aucun quiz correspondant
Distribution des résultats
% des personnes avec chaque résultat
Percentile par nombre de réponses
Votre historique - résultats
Vous n’avez pas pris ce quiz